Java how to program (E-BOOK) (Record no. 192406)

000 -LEADER
fixed length control field 01680 a2200253 4500
003 - CONTROL NUMBER IDENTIFIER
control field Nust
005 - DATE AND TIME OF LATEST TRANSACTION
control field 20170207154036.0
010 ## - LIBRARY OF CONGRESS CONTROL NUMBER
LC control number 2009024763
020 ## - INTERNATIONAL STANDARD BOOK NUMBER
International Standard Book Number 0135101174
020 ## - INTERNATIONAL STANDARD BOOK NUMBER
International Standard Book Number 9780135101179
040 ## - CATALOGING SOURCE
Transcribing agency Nust
082 00 - DEWEY DECIMAL CLASSIFICATION NUMBER
Classification number 005.133
100 1# - MAIN ENTRY--PERSONAL NAME
Personal name Deitel, Paul J.
245 10 - TITLE STATEMENT
Title Java how to program (E-BOOK)
Remainder of title late objects version /
Statement of responsibility, etc. Paul Deitel, Harvey Deitel.
250 ## - EDITION STATEMENT
Edition statement 8th ed., Pearson International ed.
260 ## - PUBLICATION, DISTRIBUTION, ETC.
Place of publication, distribution, etc. Upper Saddle River, N.J. :
Name of publisher, distributor, etc. Pearson Prentice Hall,
Date of publication, distribution, etc. 2010.
300 ## - PHYSICAL DESCRIPTION
Extent p. cm.
500 ## - GENERAL NOTE
General note Includes index.
505 ## - FORMATTED CONTENTS NOTE
Formatted contents note Introduction What Is a Computer? (Page 1.1) Computer Organization (Page1.3) Evolution of Operating Systems (Page1.4) Personal, Distributed and Client/Server Computing (Page1.5) Machine Languages, Assembly Languages and High-Level Languages(Page 1.6) History of C++ (Page 1.7) History of Java (Page1.8) Java Class Libraries (Page1.9) Other High-Level Language (Page1.10)s Structured Programming (Page1.11 ) The Internet and the World Wide Web (Page1.12) Basics of a Typical Java Environment (Page1.13) General Notes about Java and This Book (Page1.14) Thinking About Objects: Introduction to Object Technology and the Unified Modeling Language (Page1.15) Discovering Design Patterns: Introduction (Page1.16) Tour of the Book (Page1.17) (Optional) A Tour of the Case Study on Object-Oriented Design with the UML (Page1.18) (Optional) A Tour of the “Discovering Design Patterns” Section (Page1.19)
650 #0 - SUBJECT ADDED ENTRY--TOPICAL TERM
Topical term or geographic name entry element Java (Computer program language)
650 #0 - SUBJECT ADDED ENTRY--TOPICAL TERM
Topical term or geographic name entry element Object-oriented programming (Computer science)
651 ## - SUBJECT ADDED ENTRY--GEOGRAPHIC NAME
Geographic name Java how to program (E-BOOK)
700 1# - ADDED ENTRY--PERSONAL NAME
Personal name Deitel, Harvey M.,
Dates associated with a name 1945-
942 ## - ADDED ENTRY ELEMENTS (KOHA)
Source of classification or shelving scheme
Koha item type Book
Holdings
Withdrawn status Lost status Source of classification or shelving scheme Damaged status Not for loan Collection code Permanent Location Current Location Date acquired Total Checkouts Full call number Barcode Date last seen Price effective from Koha item type
            Military College of Signals (MCS) Military College of Signals (MCS) 12/12/2016   005.133 DEI MCSEB-271 12/08/2016 12/12/2016 Book
© 2023 Central Library, National University of Sciences and Technology. All Rights Reserved.